La manzana de las luces y el colegio nacional de Buenos Aires

Αποθηκεύτηκε σε:
Λεπτομέρειες βιβλιογραφικής εγγραφής
Κύριος συγγραφέας: Vilardi, Julian A (Συγγραφέας)
Μορφή: Βιβλίο
Γλώσσα:Ισπανικά
Έκδοση: Buenos Aires Academia Literaria del Plata 1939
Θέματα:
Ετικέτες: Προσθήκη ετικέτας
Δεν υπάρχουν, Καταχωρήστε ετικέτα πρώτοι!

MARC

LEADER 00000nam a2200000 a 4500
001 UCO3185
003 CL-VaPUC
008 000714e19390000AG |||||||||||||||||spa|d
082 0 4 |a 982.12  |b VIL  |2 21 
100 0 |a Vilardi, Julian A  |e author  |9 447105 
245 1 3 |a La manzana de las luces y el colegio nacional de Buenos Aires 
300 |a 84 p 
942 |c BK 
945 |d 20000714 00:00:00  |a rherrera 
260 |a Buenos Aires  |b Academia Literaria del Plata  |c 1939 
650 0 |a Historia de Argentina  |9 319851 
650 7 |a HISTORIA DE BUENOS AIRES  |2 CL-VaPUC  |9 446969 
650 0 |a Colegios  |9 373748 
650 0 |a Ciudades  |9 265474 
651 7 |a BUENOS AIRES  |2 CL-VaPUC  |9 255286 
583 |a last modification  |c 20180403 03:29:23  |k Rodrigo Vera 
999 |c 289655  |d 289653 
952 |0 0  |1 0  |4 0  |6 982_120000000000000_VIL_1939  |7 0  |8 X  |9 338231  |a BIBHIS  |b BIBHIS  |d 2019-11-20  |i 1298062  |o 982.12 VIL 1939  |p 1298062  |r 2024-01-30  |w 2019-11-20  |y BK_X  |k HIS